000 00482nam a2200169 i 4500
001 58255
003 ES-MaACL
005 20230906163747.0
007 t|
008 031021s1981 sp ||||1| spa d
100 1 _aDurán, Leopoldo.
_946190
245 1 0 _aEstudio sobre "El poder y la gloria" de Graham Greene /
_cLeopoldo Durán.
250 _a[1ª ed.].
260 _aBarcelona :
_bLuis de Caralt,
_c1981.
300 _a166 p. ;
_c20 cm.
852 _aES-MaACL
_jL-1045
_bR.101719
999 _c58255
_d58255